[Event "Mittelfrank Regionalliga Nord-West 2122"]
[Site "Mittelfranken"]
[Date "2022.05.08"]
[Round "8.6"]
[White "Chen, Jiuli"]
[Black "Kuespert, Helmut"]
[Result "1/2-1/2"]
[WhiteElo "1829"]
[BlackElo "1881"]
[PlyCount "81"]
[EventDate "2021.10.24"]
[EventType "team-tourn"]
[EventRounds "9"]
[EventCountry "GER"]
[SourceTitle "EXT 2024"]
[Source "ChessBase"]
[SourceDate "2023.10.10"]
[SourceVersion "1"]
[SourceVersionDate "2023.10.10"]
[SourceQuality "1"]
[WhiteTeam "Wuerzburg II"]
[BlackTeam "Marktleuthen"]
[WhiteTeamCountry "GER"]
[BlackTeamCountry "GER"]

1. d4 Nf6 2. Nf3 b6 3. e3 Bb7 4. Nbd2 e6 5. b3 Be7 6. Bb2 d6 7. Bd3 Nbd7 8. 0-0 d5 9. Ne5 Nxe5 10. dxe5 Nd7 11. f4 f5 12. exf6 Bxf6 13. Bxf6 Qxf6 14. b4 0-0 15. Nf3 a5 16. c3 axb4 17. cxb4 c5 18. Ng5 g6 19. Bb5 Rfd8 20. bxc5 Nxc5 21. Qg4 h6 22. Nf3 Ba6 23. Bxa6 Rxa6 24. Ne5 Kg7 25. Rab1 Rd6 26. Qe2 Ra3 27. Rfc1 Ra7 28. Rc2 d4 29. Rcb2 d3 30. Qe1 Ne4 31. Nc4 Rc6 32. Nd2 Nc3 33. Rxb6 Rxb6 34. Rxb6 Rxa2 35. Rb7+ Kf8 36. Ne4 Nxe4 37. Qb4+ Kg8 38. Rb8+ Kh7 39. Rb7+ Kg8 40. Rb8+ Kh7 41. Rb7+ 1/2-1/2

[Event "Regionalliga Nord-West 1819"]
[Site "Bayern"]
[Date "2018.11.11"]
[Round "2.8"]
[White "Daum, Matthias"]
[Black "Chen, Jiuli"]
[Result "1-0"]
[WhiteElo "1891"]
[BlackElo "1685"]
[PlyCount "79"]
[EventDate "2018.10.21"]
[EventType "team-tourn"]
[EventRounds "9"]
[EventCountry "GER"]
[SourceTitle "EXT 2022"]
[Source "ChessBase"]
[SourceDate "2021.10.06"]
[SourceVersion "1"]
[SourceVersionDate "2021.10.06"]
[SourceQuality "1"]
[WhiteTeam "Bamberg SC II"]
[BlackTeam "Wuerzburg II"]
[WhiteTeamCountry "GER"]
[BlackTeamCountry "GER"]

1. c4 e6 2. Nf3 Nf6 3. Nc3 d5 4. d4 c6 5. Bg5 Nbd7 6. e3 Bd6 7. c5 Bc7 8. b4 0-0 9. Be2 e5 10. 0-0 h6 11. Bh4 e4 12. Nd2 g5 13. Bg3 Bxg3 14. fxg3 Kg7 15. Rf2 Qe7 16. g4 Rh8 17. Nf1 Ne8 18. Ng3 Ndf6 19. b5 Be6 20. bxc6 bxc6 21. Rb1 Rc8 22. Nf5+ Bxf5 23. Rxf5 Qd7 24. Ba6 Rc7 25. Rb8 Ng8 26. h3 Ne7 27. Rf2 Ng6 28. Ne2 Kh7 29. Ng3 Nh4 30. Nh5 Qe7 31. Qb3 Rf8 32. Rb7 Qe6 33. Rxc7 Nxc7 34. Rf6 Qe8 35. Bb7 Ne6 36. Qa4 Qb8 37. Qxc6 Qd8 38. Qxd5 Qa5 39. Qxe4+ Kg8 40. Rf1 1-0